Colonialism English & Punjabi (Record no. 356082)
[ view plain ]
| 000 -LEADER | |
|---|---|
| fixed length control field | 00721nam a22001337a 4500 |
| 008 - FIXED-LENGTH DATA ELEMENTS--GENERAL INFORMATION | |
| fixed length control field | 160216b xxu||||| |||| 00| 0 eng d |
| 020 ## - INTERNATIONAL STANDARD BOOK NUMBER | |
| International Standard Book Number | 9789698535292 |
| 082 ## - DEWEY DECIMAL CLASSIFICATION NUMBER | |
| Classification number | 325.6 |
| Author Mark | SHA-C 2015 |
| 245 ## - TITLE STATEMENT | |
| Title | Colonialism English & Punjabi |
| Statement of responsibility, etc. | Dr. Safdar Ali Shah |
| 260 ## - PUBLICATION, DISTRIBUTION, ETC. | |
| Place of publication, distribution, etc. | Islamabad: |
| Name of publisher, distributor, etc. | National University of science and echnology; |
| Date of publication, distribution, etc. | c2015 |
| 300 ## - PHYSICAL DESCRIPTION | |
| Extent | xx, 349p: |
| Dimensions | 23cm. |
| 650 ## - SUBJECT ADDED ENTRY--TOPICAL TERM | |
| Source of heading or term | LinkPanjabi literature -- English influences. LinkPanjabi language -- English influences. LinkPanjabi literature -- History and criticism. |
| Topical term or geographic name entry element | LinkPunjab (India) -- Civilization -- English influences. LinkPunjab (Pakistan) -- Civilization -- English influences. LinkPunjab (India) -- History. LinkPunjab (Pakistan) -- History. |
| 942 ## - ADDED ENTRY ELEMENTS (KOHA) | |
| Source of classification or shelving scheme | |
| Koha item type | Book |
| Withdrawn status | Lost status | Source of classification or shelving scheme | Damaged status | Not for loan | Collection code | Permanent Location | Current Location | Shelving location | Date acquired | Source of acquisition | Cost, normal purchase price | Total Checkouts | Full call number | Barcode | Date last seen | Price effective from | Koha item type | Copy number |
|---|---|---|---|---|---|---|---|---|---|---|---|---|---|---|---|---|---|---|
| US-Pakistan Center for Advanced Studies in Energy (USPCAS-E) | US-Pakistan Center for Advanced Studies in Energy (USPCAS-E) | 02/16/2016 | Donation | 500.00 | 325.6 SHA-C 2015 | CAS-E0000745 | 02/16/2016 | 02/16/2016 | Book | |||||||||
| US-Pakistan Center for Advanced Studies in Energy (USPCAS-E) | US-Pakistan Center for Advanced Studies in Energy (USPCAS-E) | 02/16/2016 | Donation | 500.00 | 325.6 SHA-C 2015 | CAS-E0000746 | 02/16/2016 | 02/16/2016 | Book | C-2 |
